|
|
|
|
| LEADER |
00000cam a2200000 i 4500 |
| 001 |
1/50203 |
| 008 |
040308s2001 gre d |
| 020 |
|
|
|a 960-286-620-9
|
| 035 |
|
|
|l 10072542
|
| 040 |
|
|
|a GR-MY-UA
|b gre
|e aacr
|
| 041 |
0 |
|
|a gre
|
| 084 |
|
|
|a 338.4791495
|
| 100 |
1 |
|
|a Φιλιππίδης, Δημήτριος Α.
|
| 245 |
1 |
0 |
|a Ψυχαγωγία & άθληση πελατών ξενοδοχείων /
|c Δημήτρης Φιλιππίδης, Νάσος Γκόλιας
|
| 246 |
3 |
3 |
|a Ψυχαγωγία και άθληση πελατων ξενοδοχείων
|
| 260 |
|
|
|a Αθήνα :
|b ΕΛΛΗΝ,
|c C2001
|
| 300 |
|
|
|a 102 σ.
|b διαγρ., εικ., πιν.
|
| 504 |
|
|
|a Περιλαμβάνει βιβλιογραφία
|
| 650 |
0 |
0 |
|a Tourism
|z Greece.
|
| 650 |
0 |
0 |
|a Sports and tourism
|z Greece.
|
| 700 |
1 |
|
|a Γκόλιας, Νάσος.
|4 edt
|
| 852 |
|
|
|a INST
|b CHIOS
|e 20040308
|h 338.4791495 ΦΙΛ
|p 005200012738
|q 005200012738
|t BK
|y 0
|
| 901 |
|
|
|a BIBL2-2004-1
|
| 909 |
|
|
|a Χ
|b 107830
|
| 970 |
|
|
|a ΒΑΣΙΛΑΚΗ
|b ΝΙΚΗ
|z 2004/03/05
|